Divergence českého a slovenského práva a cestovní ruch
Využitie jedinečnej príležitosti, pri ktorej sa na totožné otázky dávajú rozdielne odpovede a analyzovanie celku práva cestovného ruchu na Slovensku, porovnanie priebežne dosiahnutého stavu s Českou republikou, ako aj vystihnutie okolností a ak možno aj hlbších príčin divergentného vývoja v oboch kr...
Salvato in:
| Autore principale: | |
|---|---|
| Altri autori: | |
| Natura: | Capitolo di libro |
| Lingua: | ceco |
| Soggetti: | |
| Tags: |
Nessun Tag, puoi essere il primo ad aggiungerne!!
|
MARC
| LEADER | 00000naa a2200000 4500 | ||
|---|---|---|---|
| 001 | 0304596 | ||
| 005 | 20241014150156.2 | ||
| 041 | 0 | |a cze | |
| 044 | |a CZ | ||
| 245 | 1 | 0 | |a Divergence českého a slovenského práva a cestovní ruch |c Marián Lukáč, René Petráš |
| 520 | |a Využitie jedinečnej príležitosti, pri ktorej sa na totožné otázky dávajú rozdielne odpovede a analyzovanie celku práva cestovného ruchu na Slovensku, porovnanie priebežne dosiahnutého stavu s Českou republikou, ako aj vystihnutie okolností a ak možno aj hlbších príčin divergentného vývoja v oboch krajinách. | ||
| 610 | 2 | 0 | |a ruch cestovný |
| 610 | 2 | 0 | |a porovnanie medzinárodné |
| 610 | 2 | 0 | |a Česko |
| 610 | 2 | 0 | |a Slovensko |
| 610 | 2 | 0 | |a právo |
| 610 | 2 | 0 | |a legislatíva |
| 610 | 2 | 0 | |a zákony |
| 610 | 2 | 0 | |a úpravy právne |
| 610 | 2 | 0 | |a politika |
| 610 | 2 | 0 | |a politika európska susedská |
| 610 | 2 | 0 | |a zmluvy |
| 100 | 1 | |a Lukáč, Marián | |
| 700 | 1 | |a Petráš, René | |